[Event "EU-ch U16 Girls"]
[Site "Bratislava"]
[Date "2019.08.05"]
[Round "4"]
[White "Burdot, Clara"]
[Black "Golsta, Ramona"]
[Result "1-0"]
[WhiteElo "1525"]
[BlackElo "1738"]
[PlyCount "63"]
[EventDate "2019.08.02"]
[EventType "swiss"]
[EventRounds "9"]
[EventCountry "SVK"]
[SourceTitle "CBM 191 Extra"]
[Source "ChessBase"]
[SourceDate "2019.09.30"]
[SourceVersion "1"]
[SourceVersionDate "2019.09.30"]
[SourceQuality "1"]

1. e4 c5 2. c3 d5 3. exd5 Qxd5 4. d4 Nc6 5. Nf3 Bf5 6. Na3 Nf6 7. Bc4 Qe4+ 8. Be3 e6 9. 0-0 cxd4 10. Nxd4 Nxd4 11. Bxd4 Be7 12. Re1 Qh4 13. Bb5+ Kf8 14. Bxf6 gxf6 15. Qf3 Bd6 16. g3 Qh3 17. Bf1 Qh6 18. Qxb7 Rb8 19. Qxa7 Rxb2 20. Nc4 Bxg3 21. hxg3 Rc2 22. Nd6 Qh5 23. Nxf5 Qxf5 24. Qe3 Qa5 25. Qd4 Qh5 26. Bd3 Rd2 27. Qe3 Rb2 28. a4 Rg8 29. a5 Qh3 30. Bf1 Qh5 31. Re2 Rb8 32. a6 1-0

[Event "EU-ch U16 Girls"]
[Site "Bratislava"]
[Date "2019.08.04"]
[Round "3"]
[White "Djordjevic, Nevena"]
[Black "Burdot, Clara"]
[Result "1-0"]
[WhiteElo "1756"]
[BlackElo "1525"]
[PlyCount "87"]
[EventDate "2019.08.02"]
[EventType "swiss"]
[EventRounds "9"]
[EventCountry "SVK"]
[SourceTitle "CBM 191 Extra"]
[Source "ChessBase"]
[SourceDate "2019.09.30"]
[SourceVersion "1"]
[SourceVersionDate "2019.09.30"]
[SourceQuality "1"]

1. d4 d5 2. Nf3 Nf6 3. c4 c6 4. Qb3 e6 5. Nc3 Be7 6. cxd5 cxd5 7. Bf4 0-0 8. h3 Ne4 9. e3 Qa5 10. Bd3 Nxc3 11. bxc3 Nd7 12. 0-0 Qb6 13. Qc2 h6 14. Rab1 Qd8 15. Rfc1 Nb6 16. Ne5 Bd6 17. a4 Bxe5 18. Bxe5 Bd7 19. a5 Nc4 20. Bxc4 dxc4 21. Rxb7 Bc6 22. Rc7 Qd5 23. e4 Qxe4 24. Qxe4 Bxe4 25. Rxc4 Rac8 26. Rxc8 Rxc8 27. c4 a6 28. Rc3 g6 29. f3 Bd5 30. c5 Bc6 31. Kf2 Rd8 32. Rb3 Bb5 33. Ke3 h5 34. Kf4 Rc8 35. g4 hxg4 36. fxg4 Kh7 37. h4 Kh6 38. Rh3 Be2 39. Rh2 Bd1 40. Rb2 Ba4 41. Rb7 Be8 42. Ra7 Rc6 43. Ra8 Bd7 44. Rh8# 1-0

[Event "Dortmund Sparkassen op-B 47th"]
[Site "Dortmund"]
[Date "2019.07.18"]
[Round "6"]
[White "Burdot, Clara"]
[Black "Barth, Hans Joachim"]
[Result "1-0"]
[WhiteElo "1568"]
[BlackElo "1722"]
[PlyCount "109"]
[EventDate "2019.07.13"]
[EventType "swiss"]
[EventRounds "9"]
[EventCountry "GER"]
[SourceTitle "CBM 192 Extra"]
[Source "Chessbase"]
[SourceDate "2019.11.06"]
[SourceVersion "1"]
[SourceVersionDate "2019.11.06"]
[SourceQuality "1"]

1. e4 c5 2. c3 b6 3. d4 Bb7 4. Bd3 Nf6 5. d5 e6 6. c4 Na6 7. a3 Bd6 8. Nf3 Ng4 9. 0-0 Qc7 10. h3 h5 11. Nc3 Ne5 12. Nxe5 Bxe5 13. Nb5 Qd8 14. f4 Bd4+ 15. Nxd4 cxd4 16. Be2 exd5 17. Qxd4 dxe4 18. Qxg7 Rf8 19. Bxh5 Qe7 20. Qe5 Nc5 21. Qxe7+ Kxe7 22. f5 f6 23. Bd2 Rh8 24. Be2 Rag8 25. Bg4 Nd3 26. Bb4+ d6 27. b3 Ne5 28. Rad1 Nd3 29. Kh2 Rxg4 30. Rd2 Rgg8 31. Rg1 Nxb4 32. axb4 Rh5 33. g4 Rh4 34. b5 Rgh8 35. Rg3 a6 36. bxa6 Bxa6 37. Ra2 Bb7 38. Ra7 Rb8 39. Re3 Kd8 40. Re1 Rh7 41. Rxe4 Re7 42. Rxe7 Kxe7 43. h4 Kd7 44. h5 Kc6 45. Ra1 Re8 46. Rg1 Bc8 47. Kg3 Re3+ 48. Kf4 Rxb3 49. Rh1 Bb7 50. g5 fxg5+ 51. Kxg5 Rg3+ 52. Kf6 Kd7 53. Rh4 Ke8 54. h6 Rg8 55. h7 1-0

[Event "Dortmund Sparkassen op-B 47th"]
[Site "Dortmund"]
[Date "2019.07.13"]
[Round "1"]
[White "Burdot, Clara"]
[Black "Boecker, Juergen"]
[Result "0-1"]
[WhiteElo "1568"]
[BlackElo "1791"]
[PlyCount "104"]
[EventDate "2019.07.13"]
[EventType "swiss"]
[EventRounds "9"]
[EventCountry "GER"]
[SourceTitle "CBM 192 Extra"]
[Source "Chessbase"]
[SourceDate "2019.11.06"]
[SourceVersion "1"]
[SourceVersionDate "2019.11.06"]
[SourceQuality "1"]

1. e4 e5 2. Nf3 Nf6 3. Nxe5 d6 4. Nf3 Nxe4 5. Nc3 Nxc3 6. dxc3 Be7 7. h3 Nd7 8. Bc4 Ne5 9. Nxe5 dxe5 10. Qh5 0-0 11. Bd3 g6 12. Qh6 Bf6 13. Bd2 Be6 14. h4 Bg7 15. Qe3 h5 16. Qg3 Qd7 17. 0-0 Bf5 18. Bg5 Bxd3 19. Qxd3 Qxd3 20. cxd3 f6 21. Be3 f5 22. Bg5 Rf7 23. Rad1 Rd7 24. Rfe1 Kf7 25. Kf1 Re8 26. f3 Re6 27. Be3 b6 28. Rd2 c5 29. Red1 Red6 30. Ke2 f4 31. Bf2 Ke6 32. g3 fxg3 33. Bxg3 Bh6 34. Rc2 Kf5 35. Bf2 Bf4 36. Be3 g5 37. Bxf4 Kxf4 38. hxg5 Rg6 39. Rg1 Rdg7 40. Rcc1 Rxg5 41. Rxg5 Rxg5 42. Rf1 Rg2+ 43. Rf2 Rxf2+ 44. Kxf2 h4 45. Kg2 h3+ 46. Kxh3 Kxf3 47. a3 Ke3 48. Kg4 Kxd3 49. Kf5 e4 50. Kf4 e3 51. Kf3 e2 52. Kf2 Kd2 0-1

[Event "Wch U14 Girls"]
[Site "Porto Carras"]
[Date "2018.10.21"]
[Round "2"]
[White "Somton, Anita"]
[Black "Burdot, Clara"]
[Result "1/2-1/2"]
[WhiteElo "1787"]
[BlackElo "1472"]
[PlyCount "61"]
[EventDate "2018.10.20"]
[EventType "swiss"]
[EventRounds "11"]
[EventCountry "GRE"]
[SourceTitle "CBM 187 Extra"]
[Source "ChessBase"]
[SourceDate "2018.11.04"]
[SourceVersion "1"]
[SourceVersionDate "2018.11.04"]
[SourceQuality "1"]

1. e4 d5 2. exd5 Qxd5 3. Nc3 Qd6 4. d4 Nf6 5. Nf3 c6 6. Ne5 Nbd7 7. Nc4 Qc7 8. Qf3 Nb6 9. Bf4 Qd8 10. Be5 Bg4 11. Qf4 Be6 12. Bc7 Nbd5 13. Qxf6 Qxc7 14. Qf3 g6 15. Nxd5 Bxd5 16. Qg3 Qxg3 17. hxg3 Bg7 18. c3 h5 19. Ne3 0-0-0 20. Nxd5 cxd5 21. 0-0-0 a6 22. a4 Rhe8 23. f4 f6 24. Bd3 f5 25. Rde1 Rd6 26. Re2 Bf6 27. Kb1 Kb8 28. Rhe1 Rh8 29. Rh1 Rdd8 30. Re6 Rdg8 31. Bc2 1/2-1/2

[Event "BEL-ch U14 Girls"]
[Site "Blankenberge"]
[Date "2017.04.15"]
[Round "9"]
[White "De Putter, Nina"]
[Black "Burdot, Clara"]
[Result "1-0"]
[WhiteElo "1429"]
[BlackElo "1301"]
[PlyCount "94"]
[EventDate "2017.04.09"]
[EventType "swiss"]
[EventRounds "9"]
[EventCountry "BEL"]
[SourceTitle "CBM 178 Extra"]
[Source "ChessBase"]
[SourceDate "2017.06.22"]
[SourceVersion "1"]
[SourceVersionDate "2017.06.22"]
[SourceQuality "1"]

1. e4 d5 2. exd5 Qxd5 3. Nc3 Qd6 4. Nf3 Nf6 5. d4 c6 6. Be2 Bf5 7. 0-0 e6 8. Ne5 Nbd7 9. Bf4 Nd5 10. Nxd5 Qxd5 11. c4 Qe4 12. Bg3 Rd8 13. Bf3 Qc2 14. Qxc2 Bxc2 15. Rac1 Nxe5 16. Bxe5 Bg6 17. Rfd1 f6 18. Bg3 Bd6 19. Bxd6 Rxd6 20. d5 cxd5 21. cxd5 e5 22. Rc7 Rd7 23. d6 Bf5 24. Bxb7 Rxc7 25. dxc7 Ke7 26. Rd5 Bc8 27. Rb5 Bxb7 28. Rxb7 Rc8 29. Rxa7 Kd7 30. Kf1 Rxc7 31. Rxc7+ Kxc7 32. Ke2 Kc6 33. Kd3 Kc5 34. b3 Kd5 35. a4 e4+ 36. Ke3 f5 37. a5 g5 38. g3 Kc5 39. b4+ Kb5 40. Kd4 h6 41. Ke5 f4 42. gxf4 gxf4 43. Kxe4 f3 44. Kxf3 h5 45. Kg3 Kc6 46. f4 Kd6 47. f5 Kd5 1-0

[Event "Wch U12 Girls"]
[Site "Batumi"]
[Date "2016.10.24"]
[Round "6"]
[White "Ismayilova, Stefaniya"]
[Black "Burdot, Clara"]
[Result "1/2-1/2"]
[WhiteElo "1207"]
[BlackElo "1355"]
[PlyCount "27"]
[EventDate "2016.10.19"]
[EventType "swiss"]
[EventRounds "11"]
[EventCountry "GEO"]
[SourceTitle "EXT 2018"]
[Source "ChessBase"]
[SourceDate "2017.10.13"]
[SourceVersion "1"]
[SourceVersionDate "2017.10.13"]
[SourceQuality "1"]

1. e4 d5 2. exd5 Qxd5 3. Nc3 Qd6 4. d4 Nf6 5. Nf3 a6 6. Be3 Bg4 7. Be2 Nc6 8. Qd2 e6 9. Bf4 Qd7 10. a3 0-0-0 11. 0-0-0 Bxf3 12. Bxf3 Nd5 13. Nxd5 exd5 14. Rhe1 1/2-1/2

[Event "Wch U12 Girls"]
[Site "Batumi"]
[Date "2016.10.19"]
[Round "1"]
[White "Burdot, Clara"]
[Black "Mkrtchyan, Mariam"]
[Result "0-1"]
[WhiteElo "1355"]
[BlackElo "1785"]
[PlyCount "82"]
[EventDate "2016.10.19"]
[EventType "swiss"]
[EventRounds "11"]
[EventCountry "GEO"]
[SourceTitle "EXT 2018"]
[Source "ChessBase"]
[SourceDate "2017.10.13"]
[SourceVersion "1"]
[SourceVersionDate "2017.10.13"]
[SourceQuality "1"]

1. e4 c6 2. d4 d5 3. exd5 cxd5 4. c3 Nf6 5. Bd3 Nc6 6. Bf4 Bg4 7. Qb3 Qc8 8. Nd2 e6 9. Ngf3 Be7 10. 0-0 0-0 11. Rfe1 Bh5 12. Ne5 Nxe5 13. Bxe5 Bg6 14. Qc2 Qd7 15. Nf3 Rfc8 16. Bxg6 hxg6 17. Rac1 b5 18. a3 a5 19. b4 axb4 20. axb4 Bxb4 21. Qd3 Ra3 22. Rc2 Raxc3 23. Rxc3 Rxc3 24. Qe2 Qc6 25. Rb1 Rc1+ 26. Rxc1 Qxc1+ 27. Qf1 Qxf1+ 28. Kxf1 Ne4 29. Ke2 g5 30. g4 f6 31. Bc7 Kf7 32. h4 gxh4 33. Nxh4 Nd6 34. f4 Nc4 35. g5 fxg5 36. fxg5 Bd6 37. Bxd6 Nxd6 38. Kd3 Ne4 39. Nf3 Kg6 40. Ke2 Nxg5 41. Nxg5 Kxg5 0-1

[Event "EU-ch U12 Girls 26th"]
[Site "Prague"]
[Date "2016.08.21"]
[Round "4"]
[White "Vozarova, Adriana"]
[Black "Burdot, Clara"]
[Result "1-0"]
[WhiteElo "1500"]
[BlackElo "1094"]
[PlyCount "131"]
[EventDate "2016.08.18"]
[EventType "swiss"]
[EventRounds "9"]
[EventCountry "CZE"]
[SourceTitle "CBM 174 Extra"]
[Source "ChessBase"]
[SourceDate "2016.10.10"]
[SourceVersion "1"]
[SourceVersionDate "2016.10.10"]
[SourceQuality "1"]

1. e4 d5 2. exd5 Qxd5 3. Nc3 Qd6 4. d4 Nf6 5. Bc4 a6 6. Nf3 Bg4 7. h3 Bh5 8. g4 Bg6 9. Bd2 Nc6 10. Be3 e6 11. a3 0-0-0 12. Qe2 Ne4 13. Nxe4 Bxe4 14. 0-0-0 Be7 15. Rhe1 h6 16. Ne5 Nxe5 17. dxe5 Qc6 18. Rxd8+ Bxd8 19. Bd2 Bg6 20. f3 Bh4 21. Rd1 Rd8 22. Bb3 Bh7 23. Bb4 Bg5+ 24. Kb1 Rxd1+ 25. Qxd1 Qb5 26. Ka2 Qc6 27. Bf8 g6 28. Qd3 Bg8 29. Qf1 h5 30. f4 Bh4 31. gxh5 gxh5 32. f5 Bh7 33. fxe6 fxe6 34. Qf7 Bf5 35. Qxh5 Bg3 36. Bg7 b6 37. Qg5 Bf2 38. Qf4 Bc5 39. h4 Qe8 40. Qg5 Be7 41. Bf6 Bxf6 42. Qxf6 a5 43. c3 Kb7 44. Qg5 Qh8 45. Qf6 Qe8 46. Bd1 Qc6 47. h5 Qd5+ 48. Bb3 Bb1+ 49. Kxb1 Qxb3 50. Qf3+ Ka6 51. Qd3+ Kb7 52. h6 Qa4 53. Qf3+ Ka7 54. h7 Qh4 55. Qd3 Qh5 56. Ka2 Qh4 57. c4 Kb8 58. Kb3 Ka7 59. Ka2 Kb8 60. c5 Kc8 61. cxb6 cxb6 62. Qc3+ Kb7 63. Qf3+ Kc7 64. Qf7+ Kc6 65. Qxe6+ Kb7 66. Qg8 1-0

[Event "EU Union-ch U12 14th"]
[Site "Mureck"]
[Date "2016.08.09"]
[Round "7"]
[White "Burdot, Clara"]
[Black "Kristoferitsch, Daniel"]
[Result "1-0"]
[WhiteElo "1094"]
[BlackElo "1587"]
[PlyCount "105"]
[EventDate "2016.08.03"]
[EventType "swiss"]
[EventRounds "9"]
[EventCountry "AUT"]
[SourceTitle "CBM 174 Extra"]
[Source "ChessBase"]
[SourceDate "2016.10.10"]
[SourceVersion "1"]
[SourceVersionDate "2016.10.10"]
[SourceQuality "1"]

1. e4 e6 2. d4 d5 3. exd5 exd5 4. Nf3 Bg4 5. h3 Bh5 6. Qe2+ Be7 7. Qb5+ Nc6 8. Qxb7 Nb4 9. Qb5+ c6 10. Qa4 Bg6 11. Na3 Qb6 12. c3 Nd3+ 13. Bxd3 Bxd3 14. Ne5 Bxa3 15. Qxa3 Bb5 16. Qb3 Ne7 17. a4 Ba6 18. Qxb6 axb6 19. Bf4 f6 20. Nf3 Kd7 21. Kd2 Bc4 22. Rhe1 Bb3 23. Ra3 Bc4 24. Raa1 Ra7 25. Reb1 Rha8 26. b3 Ba6 27. g4 g5 28. Bg3 Bc8 29. h4 h6 30. hxg5 hxg5 31. Ra2 b5 32. Rba1 bxa4 33. Rxa4 Rxa4 34. Rxa4 Rxa4 35. bxa4 Kd8 36. Nh2 Bd7 37. Bd6 Ng8 38. Kd3 Be6 39. a5 Kc8 40. Kc2 Kb7 41. Kb3 Ka6 42. Kb4 Nh6 43. f3 Nf7 44. Bc7 f5 45. Kc5 Kb7 46. Bb6 fxg4 47. Nxg4 Bxg4 48. fxg4 Nh6 49. a6+ Kxa6 50. Kxc6 Nxg4 51. Bd8 Ne3 52. Bxg5 Nc4 53. Kxd5 1-0

[Event "EU Union-ch U12 14th"]
[Site "Mureck"]
[Date "2016.08.08"]
[Round "6"]
[White "Fraser, Susanna"]
[Black "Burdot, Clara"]
[Result "0-1"]
[WhiteElo "1527"]
[BlackElo "1094"]
[PlyCount "63"]
[EventDate "2016.08.03"]
[EventType "swiss"]
[EventRounds "9"]
[EventCountry "AUT"]
[SourceTitle "CBM 174 Extra"]
[Source "ChessBase"]
[SourceDate "2016.10.10"]
[SourceVersion "1"]
[SourceVersionDate "2016.10.10"]
[SourceQuality "1"]

1. d4 d5 2. Nc3 Nf6 3. Bg5 Nbd7 4. f3 c6 5. e4 dxe4 6. fxe4 e5 7. dxe5 Qa5 8. Qd2 Nxe5 9. Bxf6 gxf6 10. 0-0-0 Bb4 11. h3 Bxc3 12. Qxc3 Qxc3 13. bxc3 Be6 14. Nf3 Nxf3 15. gxf3 Rg8 16. f4 f5 17. exf5 Bxf5 18. Bd3 Bxd3 19. cxd3 Rg2 20. Rd2 Rg3 21. Kc2 Kd7 22. Rhh2 Re8 23. h4 Ree3 24. Rhg2 Ref3 25. Rxg3 Rxg3 26. f5 Rf3 27. Rg2 Rxf5 28. Rg7 h5 29. Kd2 Ke6 30. Ke3 Ra5 31. Kf4 Rxa2 32. Rg5 0-1

[Event "EU Union-ch U12 14th"]
[Site "Mureck"]
[Date "2016.08.06"]
[Round "4"]
[White "Burdot, Clara"]
[Black "Sosovickova, Jana"]
[Result "1/2-1/2"]
[WhiteElo "1094"]
[BlackElo "1383"]
[PlyCount "57"]
[EventDate "2016.08.03"]
[EventType "swiss"]
[EventRounds "9"]
[EventCountry "AUT"]
[SourceTitle "CBM 174 Extra"]
[Source "ChessBase"]
[SourceDate "2016.10.10"]
[SourceVersion "1"]
[SourceVersionDate "2016.10.10"]
[SourceQuality "1"]

1. e4 e5 2. Nf3 Nc6 3. d4 exd4 4. Nxd4 Nf6 5. Nc3 Bb4 6. Nxc6 bxc6 7. Bd3 0-0 8. 0-0 d5 9. exd5 cxd5 10. Bg5 Be6 11. Qf3 Be7 12. h3 Rb8 13. b3 Rb6 14. Rad1 h6 15. Be3 d4 16. Bxd4 Rd6 17. Bxa7 Qc8 18. Bc5 Rd7 19. Bxe7 Rxe7 20. Ne4 Nxe4 21. Qxe4 f5 22. Qh4 Ref7 23. Bc4 Bxc4 24. Qxc4 Kh8 25. Rfe1 f4 26. Kh2 Qb7 27. Qe4 Qa7 28. Qd4 Qxa2 29. Rd2 1/2-1/2

[Event "GER-ch U25-B"]
[Site "Willingen"]
[Date "2016.05.18"]
[Round "6"]
[White "Burdot, Clara"]
[Black "Stork, Christopher"]
[Result "0-1"]
[WhiteElo "921"]
[BlackElo "1325"]
[PlyCount "142"]
[EventDate "2016.05.15"]
[EventType "swiss"]
[EventRounds "9"]
[EventCountry "GER"]
[SourceTitle "CBM 172 Extra"]
[Source "ChessBase"]
[SourceDate "2016.06.21"]
[SourceVersion "1"]
[SourceVersionDate "2016.06.21"]
[SourceQuality "1"]

1. e4 c5 2. c3 Nf6 3. e5 Nd5 4. d4 e6 5. Nf3 Nc6 6. c4 Nc7 7. d5 exd5 8. cxd5 Nb4 9. Nc3 d6 10. a3 Nba6 11. exd6 Bxd6 12. Bc4 0-0 13. 0-0 Bf5 14. Re1 Re8 15. Be3 Qd7 16. Qd2 b5 17. Bb3 c4 18. Ba2 Nc5 19. Bxc5 Bxc5 20. Ne5 Qd6 21. Qf4 Bg6 22. Nxg6 hxg6 23. Qxd6 Bxd6 24. Rxe8+ Rxe8 25. Rd1 Re5 26. Kf1 Rf5 27. h3 a6 28. Bb1 Re5 29. Ba2 Ne8 30. Re1 Nf6 31. Rd1 Ne4 32. Nxe4 Rxe4 33. Bb1 Rf4 34. Ba2 Rf6 35. f3 Kf8 36. Bb1 Ke7 37. Kf2 Bc5+ 38. Kg3 Kd6 39. Be4 Kd7 40. Bb1 Rd6 41. Be4 f5 42. Bc2 Ke7 43. f4 Kf6 44. Kh4 Rd8 45. Kg3 Bd6 46. h4 Re8 47. Kf3 Bc5 48. g3 Re3+ 49. Kf2 Rxa3+ 50. Kg2 Re3 51. Kh3 Bd6 52. Rf1 Re2 53. Rc1 Rd2 54. b3 Rxd5 55. bxc4 bxc4 56. Ra1 a5 57. Ra4 Bb4 58. Ra1 Rd2 59. Ba4 Ke6 60. Rc1 c3 61. Bb3+ Kd6 62. Ba4 Kc5 63. Bc2 Ba3 64. Ra1 Rxc2 65. Rxa3 Kb4 66. Ra1 a4 67. Rb1+ Rb2 68. Rd1 c2 69. Rd4+ Kc3 70. Rxa4 c1Q 71. g4 Qe3# 0-1

[Event "GER-ch U25-B"]
[Site "Willingen"]
[Date "2016.05.17"]
[Round "5"]
[White "Kalina, Lena"]
[Black "Burdot, Clara"]
[Result "0-1"]
[WhiteElo "1177"]
[BlackElo "921"]
[PlyCount "150"]
[EventDate "2016.05.15"]
[EventType "swiss"]
[EventRounds "9"]
[EventCountry "GER"]
[SourceTitle "CBM 172 Extra"]
[Source "ChessBase"]
[SourceDate "2016.06.21"]
[SourceVersion "1"]
[SourceVersionDate "2016.06.21"]
[SourceQuality "1"]

1. d4 d5 2. Nf3 Nc6 3. c4 Bg4 4. Nc3 Nf6 5. Bg5 Bxf3 6. gxf3 e6 7. e3 h6 8. Bxf6 gxf6 9. cxd5 exd5 10. Qb3 Bb4 11. Bb5 Bxc3+ 12. Qxc3 Qd7 13. Rc1 f5 14. Bxc6 Qxc6 15. Qxc6+ bxc6 16. Rxc6 Kd7 17. Rf6 Rhb8 18. Rxf7+ Kd6 19. Rxf5 Rxb2 20. Rf1 Rxa2 21. e4 dxe4 22. fxe4 Re8 23. Rf4 a5 24. Rh4 Kd7 25. f3 Re6 26. Rg1 Ra1+ 27. Kf2 Ra2+ 28. Ke3 Ra3+ 29. Ke2 Ra2+ 30. Kd3 Ra3+ 31. Kc4 Rc6+ 32. Kb5 Rb6+ 33. Kc4 Rc6+ 34. Kd5 Rd6+ 35. Ke5 Re6+ 36. Kf5 Rxf3+ 37. Kg4 Rxe4+ 38. Kxf3 Rxh4 39. Ra1 Rxd4 40. Rxa5 Rd3+ 41. Kf4 c6 42. Ra7+ Kd6 43. Ra8 Rh3 44. Rd8+ Ke6 45. Re8+ Kd6 46. Rd8+ Kc7 47. Rd2 c5 48. Kg4 Re3 49. Rf2 Kd6 50. Rf6+ Re6 51. Rf8 c4 52. Rd8+ Kc5 53. Rc8+ Rc6 54. Rxc6+ Kxc6 55. Kf4 Kd5 56. Ke3 Ke5 57. Kd2 Kd4 58. Kc1 Kc3 59. h3 Kd3 60. Kd1 c3 61. Kc1 c2 62. h4 h5 63. Kb2 Kd2 64. Kb3 c1Q 65. Kb4 Qc2 66. Kb5 Qc3 67. Kb6 Qc4 68. Kb7 Qc5 69. Kb8 Qc6 70. Ka7 Kc3 71. Kb8 Kb4 72. Ka7 Kb5 73. Kb8 Qd7 74. Ka8 Kb6 75. Kb8 Qb7# 0-1

[Event "GER-ch U25-B"]
[Site "Willingen"]
[Date "2016.05.16"]
[Round "3"]
[White "Kluehs, Gustaf"]
[Black "Burdot, Clara"]
[Result "1/2-1/2"]
[WhiteElo "1249"]
[BlackElo "921"]
[PlyCount "67"]
[EventDate "2016.05.15"]
[EventType "swiss"]
[EventRounds "9"]
[EventCountry "GER"]
[SourceTitle "CBM 172 Extra"]
[Source "ChessBase"]
[SourceDate "2016.06.21"]
[SourceVersion "1"]
[SourceVersionDate "2016.06.21"]
[SourceQuality "1"]

1. d4 d5 2. Nf3 Bf5 3. c4 c6 4. e3 e6 5. Nc3 Nf6 6. Bd3 Bd6 7. Bxf5 exf5 8. cxd5 Qb6 9. dxc6 Qxc6 10. 0-0 0-0 11. Qd3 Ne4 12. Nd2 Re8 13. Ndxe4 fxe4 14. Qb5 a6 15. Qxc6 Nxc6 16. Bd2 Rac8 17. Rac1 Nb4 18. a3 Nc6 19. b4 b5 20. f3 exf3 21. Rxf3 Red8 22. Rcf1 f6 23. Ne4 Be7 24. Nc5 Ra8 25. Be1 Ra7 26. Bg3 a5 27. bxa5 Nxa5 28. Rb1 Nc4 29. Rxb5 Rxa3 30. Rb8 Rxe3 31. Rxe3 Nxe3 32. Rxd8+ Bxd8 33. Kf2 Nd5 34. Kf3 1/2-1/2

[Event "GER-ch U25-B"]
[Site "Willingen"]
[Date "2016.05.15"]
[Round "1"]
[White "Borgmann, Simon"]
[Black "Burdot, Clara"]
[Result "1/2-1/2"]
[WhiteElo "1318"]
[BlackElo "921"]
[PlyCount "54"]
[EventDate "2016.05.15"]
[EventType "swiss"]
[EventRounds "9"]
[EventCountry "GER"]
[SourceTitle "CBM 172 Extra"]
[Source "ChessBase"]
[SourceDate "2016.06.21"]
[SourceVersion "1"]
[SourceVersionDate "2016.06.21"]
[SourceQuality "1"]

1. e4 d5 2. exd5 Qxd5 3. Nc3 Qa5 4. d3 Nf6 5. Nf3 Bg4 6. Be2 c6 7. Bd2 Nbd7 8. 0-0 Qc7 9. Nd4 Bxe2 10. Qxe2 e6 11. Nf3 Bd6 12. h3 0-0 13. Ne4 Nxe4 14. Qxe4 Nf6 15. Qe2 Rfe8 16. Rfe1 Rad8 17. Ne5 h6 18. Bf4 Nd5 19. Bh2 f6 20. Nf3 e5 21. Qe4 Nb4 22. Qc4+ Qf7 23. Qxf7+ Kxf7 24. Re2 a6 25. a3 Nd5 26. Nd2 b6 27. Nc4 Bc5 1/2-1/2

[Event "GER-ch U25 op-B"]
[Site "Willingen"]
[Date "2015.05.30"]
[Round "9"]
[White "Burdot, Clara"]
[Black "Winkin, Jos"]
[Result "0-1"]
[WhiteElo "1046"]
[BlackElo "913"]
[PlyCount "66"]
[EventDate "2015.05.24"]
[EventType "swiss"]
[EventRounds "9"]
[EventCountry "GER"]
[SourceTitle "CBM 166 Extra"]
[Source "ChessBase"]
[SourceDate "2015.06.18"]
[SourceVersion "1"]
[SourceVersionDate "2015.06.18"]
[SourceQuality "1"]

1. e4 e5 2. Nf3 Nc6 3. d4 exd4 4. Nxd4 Bc5 5. Be3 Qf6 6. Nxc6 Bxe3 7. Qd2 Qxb2 8. Qxe3 Qxa1 9. Qg5 dxc6 10. Qc1 Qxa2 11. Nc3 Qa5 12. Qd2 Bd7 13. Nb1 Qxd2+ 14. Nxd2 0-0-0 15. Nc4 Bg4 16. f3 Bh5 17. Ne5 Nf6 18. Bd3 Rhe8 19. Ng4 Nxg4 20. fxg4 Bxg4 21. 0-0 a5 22. Rxf7 Rd7 23. Rxd7 Kxd7 24. h3 Be6 25. g4 a4 26. e5 a3 27. Bxh7 a2 28. Bg6 a1Q+ 29. Kg2 Rf8 30. Bf5 Bxf5 31. gxf5 Rxf5 32. Kg3 Qxe5+ 33. Kg4 Qf4# 0-1

[Event "GER-ch U25 op-B"]
[Site "Willingen"]
[Date "2015.05.28"]
[Round "7"]
[White "Roessl, Mira"]
[Black "Burdot, Clara"]
[Result "0-1"]
[WhiteElo "721"]
[BlackElo "1046"]
[PlyCount "50"]
[EventDate "2015.05.24"]
[EventType "swiss"]
[EventRounds "9"]
[EventCountry "GER"]
[SourceTitle "CBM 166 Extra"]
[Source "ChessBase"]
[SourceDate "2015.06.18"]
[SourceVersion "1"]
[SourceVersionDate "2015.06.18"]
[SourceQuality "1"]

1. e4 d5 2. Nc3 d4 3. Nd5 e6 4. Nf4 e5 5. Nd3 Nc6 6. b3 Nf6 7. Qf3 Bd6 8. c3 0-0 9. Ne2 dxc3 10. Nxc3 Nd4 11. Qe3 Nc2+ 12. Kd1 Nxe3+ 13. dxe3 Bb4 14. Bd2 Bxc3 15. Bxc3 Ng4 16. Be2 Nxf2+ 17. Kd2 Nxh1 18. Rxh1 f5 19. Bf3 fxe4 20. Bxe4 Bf5 21. Bxe5 Bxe4 22. Bd4 Bxd3 23. Kxd3 c5 24. Kc4 cxd4 25. exd4 Rc8+ 0-1

[Event "GER-ch U25 op-B"]
[Site "Willingen"]
[Date "2015.05.27"]
[Round "6"]
[White "Reyher, Bastian"]
[Black "Burdot, Clara"]
[Result "1-0"]
[WhiteElo "883"]
[BlackElo "1046"]
[PlyCount "73"]
[EventDate "2015.05.24"]
[EventType "swiss"]
[EventRounds "9"]
[EventCountry "GER"]
[SourceTitle "CBM 166 Extra"]
[Source "ChessBase"]
[SourceDate "2015.06.18"]
[SourceVersion "1"]
[SourceVersionDate "2015.06.18"]
[SourceQuality "1"]

1. e4 d5 2. exd5 Qxd5 3. Nc3 Qa5 4. Bb5+ c6 5. Ba4 Nf6 6. d3 e5 7. Bd2 Nd5 8. Bb3 Qd8 9. Nf3 Bg4 10. 0-0 Nxc3 11. Bxc3 Bd6 12. h3 Bxf3 13. Qxf3 0-0 14. Rfe1 Re8 15. Bxf7+ Kh8 16. Bxe8 Qxe8 17. d4 Nd7 18. Qg3 Qg6 19. Qxg6 hxg6 20. Rad1 Re8 21. a3 Nb6 22. b3 Bxa3 23. dxe5 Nd5 24. Ba1 Bb4 25. Re4 Bc3 26. e6 Bxa1 27. Rxa1 Nc3 28. Re5 Rd8 29. e7 Rd1+ 30. Rxd1 Nxd1 31. e8Q+ Kh7 32. Qe7 Kh8 33. Qe8+ Kh7 34. Re4 Kh6 35. Qh8+ Kg5 36. Qh4+ Kf5 37. Qf4# 1-0

[Event "GER-ch U25 op-B"]
[Site "Willingen"]
[Date "2015.05.26"]
[Round "5"]
[White "Burdot, Clara"]
[Black "Grey, Anna"]
[Result "1/2-1/2"]
[WhiteElo "1046"]
[BlackElo "853"]
[PlyCount "73"]
[EventDate "2015.05.24"]
[EventType "swiss"]
[EventRounds "9"]
[EventCountry "GER"]
[SourceTitle "CBM 166 Extra"]
[Source "ChessBase"]
[SourceDate "2015.06.18"]
[SourceVersion "1"]
[SourceVersionDate "2015.06.18"]
[SourceQuality "1"]

1. e4 c5 2. Nc3 Nc6 3. Bc4 e5 4. d3 Nf6 5. Nf3 Be7 6. 0-0 0-0 7. Bb5 Qc7 8. Bxc6 Qxc6 9. Nxe5 Qc7 10. d4 d6 11. Nc4 Bg4 12. f3 Be6 13. Nxd6 Bxd6 14. e5 Be7 15. exf6 Bxf6 16. dxc5 Qxc5+ 17. Kh1 Bxc3 18. bxc3 Qxc3 19. Rb1 Bxa2 20. Bd2 Qc6 21. Rb2 Be6 22. Bb4 Rfd8 23. Qe1 Rd5 24. Qg3 Rad8 25. Rbb1 Qxc2 26. f4 Qg6 27. Qh4 Bf5 28. Be7 Be4 29. Rg1 Bxb1 30. Bxd8 Rd7 31. Bc7 h6 32. Rc1 Qd3 33. Qe1 Ba2 34. h3 Qd5 35. Be5 Bb3 36. Qg3 f6 37. Bxf6 1/2-1/2

[Event "GER-ch U25 op-B"]
[Site "Willingen"]
[Date "2015.05.25"]
[Round "3"]
[White "Jacoby, Angelina"]
[Black "Burdot, Clara"]
[Result "0-1"]
[WhiteElo "886"]
[BlackElo "1046"]
[PlyCount "24"]
[EventDate "2015.05.24"]
[EventType "swiss"]
[EventRounds "9"]
[EventCountry "GER"]
[SourceTitle "CBM 166 Extra"]
[Source "ChessBase"]
[SourceDate "2015.06.18"]
[SourceVersion "1"]
[SourceVersionDate "2015.06.18"]
[SourceQuality "1"]

1. e4 d5 2. e5 Nc6 3. d4 f6 4. Nf3 Bg4 5. Bb5 a6 6. Bxc6+ bxc6 7. Qd3 fxe5 8. Nxe5 Nf6 9. Bg5 Bh5 10. f3 Qb8 11. Qc3 e6 12. Bxf6 Bb4 0-1